| 000 | 00531nam a22001577a 4500 | ||
|---|---|---|---|
| 999 |
_c15482 _d15482 |
||
| 003 | OSt | ||
| 008 | 180925b ||||| |||| 00| 0 eng d | ||
| 082 |
_a631.1 _bCHI/DE |
||
| 100 |
_aChinnu S.R _aMohammed favazil _aRachana C _93822 |
||
| 245 | _aDevelopment and testing of mini tractor operated coleus digger | ||
| 260 |
_aThavanur _bDepartment of farm power machinery and energy _c2018 |
||
| 300 |
_a53 _eCD |
||
| 700 |
_aJayan P.R _93215 |
||
| 856 | _uhttps://drive.google.com/open?id=1kmuN41DgIZpcR2BFoJpw0qVSAF2prM3a | ||
| 942 | _cPR | ||